000 01092nam a2200337 i 4500
003 EG-GICUC
005 20260121101739.0
008 260119s1949 us dab|fr|||| 001 0 eng d
040 _aEG-GiCUC
_beng
_cEG-GiCUC
_dEG-GiCUC
_erda
041 _aeng
082 0 4 _221
_a341.851
_bNA . E
092 0 4 _221
099 _aLaw1 11 341.851 NA . E 2 ed - 1967
100 1 _a Nantwi, E. K.
_eAuthor.
245 1 4 _aThe Enforcement Of International Judicial Decisions And Arbitral Awards In Public International Law /
_cBy E. K. Nantwi.
250 _a2 ed
264 1 _aleyden :
_b A. W. Sijthof,
_c1967.
300 _a209 pages,
_c24 cm
336 _2rda content
_atext
337 _2rda media
_aComputer
338 _2rda carrier
_aOnline Resource
500 _aIncludes index.
504 _aBibliography: pages 200-205.
546 _aText in English
650 1 4 _aArbitration
_2qrmak
_v(International law)
650 1 4 _aPublic international law
_2qrmak
651 1 _2qrmak
856 4 0 _uhttps://fll.law.cu.edu.eg/fulltext/bks/B11-06555.pdf
905 _a79
942 _2ddc
_cBK
_e21
_n0
999 _c57749
_d57749